Limnological Profile and Seasonal Succession of Algal Plants in some Marshlands of Bagha, Rajshahi / (Record no. 83748)
[ view plain ]
| 000 -LEADER | |
|---|---|
| fixed length control field | 00868nam a2200241 a 4500 |
| 001 - CONTROL NUMBER | |
| RUCL Control Number | 83748 |
| 003 - CONTROL NUMBER IDENTIFIER | |
| rucl marc code | BD-RjUL |
| 005 - DATE AND TIME OF LATEST TRANSACTION | |
| control field | 20240515102431.0 |
| 008 - FIXED-LENGTH DATA ELEMENTS--GENERAL INFORMATION | |
| fixed length control field | 240515s2004 bg a|||| m||| 00| 0 eng d |
| 035 ## - SYSTEM CONTROL NUMBER | |
| system control number | (BD-RjUL)83748 |
| 040 ## - CATALOGING SOURCE | |
| Original cataloging agency | BD-RjUL |
| Language of cataloging | eng |
| Transcribing agency | BD-RjUL |
| Modifying agency | BD-RjUL |
| 041 ## - LANGUAGE CODE | |
| Language code of Book | eng |
| 082 ## - DEWEY DECIMAL CLASSIFICATION NUMBER | |
| DDC Edition number | 23 |
| Classification number | 581.43 |
| Author mark and Year | SAL 2004 |
| 100 ## - MAIN ENTRY--PERSONAL NAME | |
| Personal name | Salam, Md. Abdus |
| 245 10 - TITLE STATEMENT | |
| Title | Limnological Profile and Seasonal Succession of Algal Plants in some Marshlands of Bagha, Rajshahi / |
| Statement of responsibility, etc | By Md. Abdus Salam ; |
| Name of Supervisor/Co-Supervisor | Supervisor : M. Zaman |
| 260 ## - PUBLICATION, DISTRIBUTION, ETC. (IMPRINT) | |
| Place of publication, distribution, etc | Rajshahi : |
| Name of publisher, distributor, etc | Department of Botany, University of Rajshahi, |
| Date of publication, distribution, etc | 2004 |
| 300 ## - PHYSICAL DESCRIPTION | |
| Pagination | ix, 233 Leaves : |
| Other physical details | ill, ; |
| Dimensions | 29 cm. |
| 502 ## - DISSERTATION NOTE | |
| Dissertation note | Thesisi (Ph. D.) -- Department of Botany, University of Rajshahi, 2004 |
| 504 ## - BIBLIOGRAPHY, ETC. NOTE | |
| Bibliography, etc | References : Leaves [208]-221 |
| 650 ## - SUBJECT ADDED ENTRY--TOPICAL TERM | |
| Topical term or geographic name as entry element | Seasonal |
| Source of heading or term | Plants |
| 700 ## - ADDED ENTRY--SUPERVISOR/CO-SUPERVISOR NAME | |
| Personal name | Zaman, M. Supervisor |
| 9 (RLIN) | 5454 |
| 942 ## - ADDED ENTRY ELEMENTS (KOHA) | |
| Source of classification or shelving scheme | Dewey Decimal Classification |
| Koha item type | Theses |
| Source of classification or shelving scheme | Damaged status | Not for loan | Collection code | Permanent Location | Current Location | Shelving location | Date of accession | Source of acquisition | Total Checkouts | Full call number | Barcode | Date last seen | Copy number | Thesis |
|---|---|---|---|---|---|---|---|---|---|---|---|---|---|---|
| Dewey Decimal Classification | Not For Loan | Theses | Central Library, University of Rajshahi | Central Library, University of Rajshahi | Documentation Section | 27/05/2006 | Controller of Exam. R. U. | THE 581.43 SAL 2004 | D2529 | 15/05/2024 | C-I | Theses |